000 00396nam a22001697a 4500
003 MPLRDC
005 20220104163246.0
008 210129b ||||| |||| 00| 0 eng d
082 _a870.51 BET
100 _aJOHN BETTENENDER
245 _aPOETRY FESTIVAL
_c
250 _a第一版
260 _a
_bDELL PUBLISHING CO., INC.
_c1966
300 _b
650 _a
942 _cBK
_o870.51 BET
999 _c56371
_d56361